Pézenas - Choix multiples - Statistiques

Statistiques générales
  • Ce quiz a été pris 42 fois
  • Le résultat moyen est 6 sur 10
Statistiques - réponses
Question Réponse % Correct
Quelle grande figure du théâtre français est étroitement associée à la ville de Pézenas ? Molière
83%
Quelle est la période où Pézenas s’anime le plus ? En été, pendant les festivals et marchés nocturnes
81%
Quel plat ou pâté salé est une spécialité emblématique de Pézenas ? Le pâté de Pézenas
69%
Quelle grande ville se trouve la plus proche de Pézenas ? Béziers
64%
Quelle grande voie historique passait autrefois à proximité de Pézenas, reliant Béziers à Nîmes ? La voie Domitienne
64%
Quel célèbre ministre de Louis XIII séjournait à Pézenas et y tenait les États du Languedoc ? Richelieu
56%
Quelle appellation honorifique a été donnée au centre historique de Pézenas pour la richesse de son patrimoine architectural ? Ville d’Art et d’Histoire
50%
Quel monument abrite aujourd’hui l’Office de Tourisme ? L’Hôtel de Lacoste
42%
Qui aurait apporté la recette de ce plat à Pézenas ? Un gouverneur anglais
33%
Que fabrique-t-on encore aujourd’hui dans les ateliers du centre-ville de Pézenas ? Des meubles en bois
25%
Aucun quiz correspondant
Distribution des résultats
% des personnes avec chaque résultat
Percentile par nombre de réponses
Votre historique - résultats
Vous n’avez pas pris ce quiz